| 000 | 00376nam a22001097a 4500 | ||
|---|---|---|---|
| 999 |
_c519521 _d519521 |
||
| 082 | _aTNC D613 R137 | ||
| 100 |
_aRajan, M.S. _930623 |
||
| 245 |
_aWorld order and the United Nations _bEssays from a nonaligned perspective _cby M.S. Rajan |
||
| 260 |
_aNew Delhi _bHar-Anand Publication _c1995 |
||
| 300 | _a364p | ||
| 650 |
_aWorld politics - 1945 - 1989; United Nations _930624 |
||